| 000 | 00459nam a2200181Ia 4500 | ||
|---|---|---|---|
| 008 | 230524s9999 xx 000 0 und d | ||
| 020 | _a9789385909283 | ||
| 082 |
_a621.3 _bRAO |
||
| 100 |
_aK.Uma Rao _943007 |
||
| 245 | 0 | _aBasic Electrical Engineering | |
| 250 | _a1 | ||
| 260 |
_aNew Delhi _bI.K.International _c2016 |
||
| 300 | _a"XXII,679" | ||
| 500 | _aQuantity Number: 1 | ||
| 650 | _aElectrical | ||
| 700 |
_aA.Jayalakshmi _943008 |
||
| 942 | _cBK | ||
| 999 |
_c57953 _d57953 |
||